MARC details
| 000 -LEADER |
| fixed length control field |
01619cam a2200373 i 4500 |
| 001 - CONTROL NUMBER |
| control field |
18627604 |
| 003 - CONTROL NUMBER IDENTIFIER |
| control field |
MaObMVR |
| 005 - DATE AND TIME OF LATEST TRANSACTION |
| control field |
20251111133732.0 |
| 008 - FIXED-LENGTH DATA ELEMENTS--GENERAL INFORMATION |
| fixed length control field |
150522m20099999caua 6 000 1 eng d |
| 010 ## - LIBRARY OF CONGRESS CONTROL NUMBER |
| LC control number |
2013497451 |
| 015 ## - NATIONAL BIBLIOGRAPHY NUMBER |
| National bibliography number |
GBA8B9111 |
| Source |
bnb |
| 016 7# - NATIONAL BIBLIOGRAPHIC AGENCY CONTROL NUMBER |
| Record control number |
014777695 |
| Source |
Uk |
| 020 ## - INTERNATIONAL STANDARD BOOK NUMBER |
| International Standard Book Number |
9781600104084 (v. 1 : pbk.) |
| 020 ## - INTERNATIONAL STANDARD BOOK NUMBER |
| International Standard Book Number |
1600104088 (v. 1 : pbk.) |
| 020 ## - INTERNATIONAL STANDARD BOOK NUMBER |
| International Standard Book Number |
9781600104091 (v. 2 : pbk.) |
| 020 ## - INTERNATIONAL STANDARD BOOK NUMBER |
| International Standard Book Number |
1600104096 (v. 2 : pbk.) |
| 035 ## - SYSTEM CONTROL NUMBER |
| System control number |
(OCoLC)ocn426172795 |
| 040 ## - CATALOGING SOURCE |
| Original cataloging agency |
EEM |
| Language of cataloging |
eng |
| Description conventions |
rda |
| Transcribing agency |
EEM |
| Modifying agency |
UKM |
| -- |
YDXCP |
| -- |
BDX |
| -- |
OCLCF |
| -- |
OCLCO |
| -- |
DLC |
| 042 ## - AUTHENTICATION CODE |
| Authentication code |
lccopycat |
| 050 00 - LIBRARY OF CONGRESS CALL NUMBER |
| Classification number |
PN6727.B363 |
| Item number |
S53 2009 |
| 082 00 - DEWEY DECIMAL CLASSIFICATION NUMBER |
| Classification number |
741.5/973 |
| Edition number |
23 |
| 100 0# - MAIN ENTRY--PERSONAL NAME |
| Personal name |
Barzak. |
| 9 (RLIN) |
44034 |
| 245 10 - TITLE STATEMENT |
| Title |
Skate farm / |
| Statement of responsibility, etc |
[written and illustrated by Barzak]. |
| 300 ## - PHYSICAL DESCRIPTION |
| Extent |
volumes : |
| Other physical details |
ilustrations ; |
| Dimensions |
19 cm |
| 500 ## - GENERAL NOTE |
| General note |
"Created by Danny Neiman, John Stauffer, and Barzak." |
| 520 ## - SUMMARY, ETC. |
| Summary, etc |
"When a shadowy government agency pursues its ceasless war with Ali Baba and the Dirty Deeds to Southern California, they bring with them pain and suffering for the locals. But they also bring skateboards: skateboards with mysterious and incredible abilities. With these boards, a troubled teen, a pro skater, a malcontent, and an overachiever embark on a quest to rid the world of this evil." |
| 650 #0 - SUBJECT ADDED ENTRY--TOPICAL TERM |
| Topical term or geographic name as entry element |
Skateboarding |
| Form subdivision |
Comic books, strips, etc. |
| 9 (RLIN) |
44035 |
| 650 #0 - SUBJECT ADDED ENTRY--TOPICAL TERM |
| Topical term or geographic name as entry element |
Skateboarders |
| Form subdivision |
Comic books, strips, etc. |
| 9 (RLIN) |
44036 |
| 655 #0 - INDEX TERM--GENRE/FORM |
| Genre/form data or focus term |
Graphic novels. |
| 655 #7 - INDEX TERM--GENRE/FORM |
| Genre/form data or focus term |
Comic books, strips, etc. |
| Source of term |
gsafd |
| 906 ## - LOCAL DATA ELEMENT F, LDF (RLIN) |
| a |
7 |
| b |
cbc |
| c |
copycat |
| d |
2 |
| e |
ncip |
| f |
20 |
| g |
y-gencatlg |
| 942 ## - ADDED ENTRY ELEMENTS (KOHA) |
| Source of classification or shelving scheme |
Dewey Decimal Classification |
| Koha item type |
Book |